[Event "Montreal Ligue elite du dimanche 10"]
[Site "Montreal"]
[Date "2006.10.22"]
[Round "3"]
[White "Katch, Gary"]
[Black "Carrier, Claude"]
[Result "1/2-1/2"]
[WhiteElo "1704"]
[BlackElo "1990"]
[PlyCount "122"]
[EventDate "2006.10.01"]
[EventType "swiss"]
[EventRounds "5"]
[EventCountry "CAN"]
[SourceTitle "EXT 2022"]
[Source "ChessBase"]
[SourceDate "2021.10.06"]
[SourceVersion "1"]
[SourceVersionDate "2021.10.06"]
[SourceQuality "1"]

1. e4 c5 2. c3 d5 3. exd5 Qxd5 4. d4 cxd4 5. cxd4 Nc6 6. Nf3 e5 7. Nc3 Bb4 8. Bd2 Bxc3 9. Bxc3 e4 10. Ne5 Nxe5 11. dxe5 Ne7 12. Qd4 Qxd4 13. Bxd4 Bd7 14. Rd1 Rc8 15. Bc3 Bc6 16. Bc4 e3 17. 0-0 Bxg2 18. Kxg2 Rxc4 19. fxe3 Nc6 20. Rf4 Rc5 21. Rdf1 Nxe5 22. Bxe5 Rxe5 23. Rxf7 Re7 24. R7f3 Kd7 25. Kg3 Rc8 26. R1f2 Rc6 27. Re2 Rce6 28. h4 Re4 29. Kh3 Kd6 30. Rd2+ Kc5 31. Rd3 R4e5 32. Kg3 Kc4 33. Rc3+ Kd5 34. Rd3+ Kc6 35. Kf2 Rc5 36. Ke2 Rc4 37. Rh3 Rf7 38. Rd2 Rg4 39. Kd1 Rf5 40. Kc2 Rc5+ 41. Kd3 Rd5+ 42. Kc3 Rxd2 43. Kxd2 h5 44. Kc3 Kd5 45. b3 Ke4 46. a4 Rg1 47. Kc4 Rc1+ 48. Kb4 Rc7 49. Rg3 Kd3 50. Rg5 Kxe3 51. Rxh5 Kd4 52. Rg5 b6 53. h5 Ke4 54. a5 bxa5+ 55. Kxa5 Kd4 56. b4 Kc4 57. Rg6 Kd4 58. h6 gxh6 59. Rxh6 Kd5 60. b5 Kc5 61. Rh5+ Kc4 1/2-1/2